Statistics for Game of Thrones Super Quiz 4

Click here to take the quiz!

General Stats

  • This quiz has been taken 1,045 times
    (1,035 since last reset)
  • The average score is 9 of 15

Answer Stats

Hint Answer % Correct
Who's Direwolf is called GhostJon Snow
97%
Which character is know as the "Red Viper"?Prince Oberyn
89%
Who was accused of attempting to have Brandon Stark killed?Tyrion Lannister
85%
What is the Name of Tyrion's concubine?Shae
82%
What is the Name of King Robert's bastard that joins the Nights Watch?Gendry
81%
Who saved Tyrion Lannister at the Mud Gate?Podrick
77%
Who was King Robert's squire?Lancel Lannister
76%
What is Theon's sister called?Yara
76%
What is Arya's "Dancing teacher" called?Syrio Forel
61%
Who was dubbed the "Beggar King"?Viserys Targaryen
53%
What is the Bastard Name in the Iron Islands?Pyke
51%
What happened to Jorah's wife?Left him for another man
28%
Who said " My father told me not to throw stones at cripples, but to aim for their heads" ?Ramsay Snow
21%
What is the Name of the dragon Rhaenys Targaryen rode?Meraxes
18%
Davos Seaworth was the son of a what?Crabber
12%

Score Distribution

Percentile by Number Answered

Percent of People with Each Score

Your Score History

You have not taken this quiz since the last reset